000 00617nam a2200193 4500
003 OSt
005 20240827095338.0
008 160209b xxu||||| |||| 00| 0 eng d
020 _a047002710
040 _cDDC.
082 _a658.4038011KNO 2005
100 _aKnolpfer Andrew;Grone,Bernhard;Tabeling ,Peter;
_96759
245 _aFundamental Modeling Concepts.
_bEffective communication of IT systems.
260 _aLondon ,UK
_bJohn,Willy &Sons Ltd.
_c2005.
300 _axv,334p;
_bill;
_c24cm.
504 _aincludes Appendix,Glossary,references and index.
650 _aCommunication.
_91820
942 _2ddc
_cO_SHELF
999 _c3018
_d3018